Statistics for Songs with geographical terms in the title

Click here to take the quiz!

General Stats

  • This quiz has been taken 13 times
  • The average score is 6 of 15

Answer Stats

Artist Clue Song % Correct
Kenny Rogers and Dolly Parton"that is what we are"Islands in the Stream
77%
Otis Reading"watching the tide"Sitting on the Dock of the Bay
77%
Fats Domino"I found my freedom"Blueberry Hill
69%
Beatles"nothing to get hung about"Strawberry Fields Forever
54%
Martha and the Muffins"far away in time"Echo Beach
54%
Maria Muldaur"send your camel to bed"Midnight at the Oasis
38%
Andy Williams"I'm crossing you in style"Moon River
38%
Starship"listen the the radio"We Built This City
38%
All Saints"swimming closer to you"Pure Shores
31%
Dame Vera Lynn"there'll be love and laughter"The White Cliffs of Dover
31%
Tina Turner"still I love you"River Deep Mountain High
23%
Erasure"somewhere 'cross the desert"Blue Savannah
15%
Linda Ronstadt"saving nickles, saving dimes"Blue Bayou
8%
The Monkees"here is status symbol land"Pleasant Valley Sunday
8%
The Beatles"isn't it good"Norwegian Wood
0%

Score Distribution

Percentile by Number Answered

Percent of People with Each Score

Your Score History

You have not taken this quiz